000 00854nam a2200337Ia 4500
001 25806
005 20240114000858.0
007 ta
008 060429s1984 g b000 u 465 u
020 _cHB
040 _aCotton College,Assam
041 _a465
082 _a547.2
_bSi 61 In
082 _a615.3154
_bSi 61 In
100 _aSingh , P.P. .
245 0 _aAn Introduction to Synthetic Drugs /
_cP.P.Singh & D.W.Rangnekar.
_hTextual Documents
250 _a3rd ed. /
260 _aBombay :
_bHimalaya Publishing ,
_c1984.
300 _a220p. ;
_c22cm.
653 _aChemistry
653 _aSynthetic Drugs
653 _aDrugs
653 _aG-Chemistry
653 _aG-Technology
700 _aRangnekar, D.W. .
942 _2ddc
_cBK
999 _c25788
_d25788